| 000 | 00854nam a2200265 i 4500 | ||
|---|---|---|---|
| 003 | EG-ScBUE | ||
| 005 | 20230314120023.0 | ||
| 008 | 180327s1996 ja a f 000 0 eng d | ||
| 020 | _a4079761783 | ||
| 040 |
_aEG-ScBUE _beng _erda _cEG-ScBUE _dEG-ScBUE |
||
| 082 | 0 | 4 |
_222 _a779.36521864092 _bMIZ |
| 100 | 1 |
_aMizuno, Katsuhiko, _eauthor. |
|
| 245 | 1 | 4 |
_aThe spirit of Kyoto / _cKatsuhiko Mizuno. |
| 264 |
_aTokyo : _bShufunotomo Co., Ltd, _c1996. |
||
| 300 |
_a159 pages : _billustrations ; _c26 cm |
||
| 336 |
_2rdacontent _atext _btxt |
||
| 337 |
_2rdamedia _aunmediated _bn |
||
| 338 |
_2rdacarrier _avolume _bnc |
||
| 650 | 7 |
_aPhotography, Artistic. _2BUEsh _937552 |
|
| 650 | 7 |
_aSeasons _zJapan _zKyoto _vPictorial works. _2BUEsh |
|
| 653 |
_bGGEN _cMarch2018 |
||
| 655 | _vReading book | ||
| 942 |
_2ddc _cBB |
||
| 999 |
_c26420 _d26392 |
||